| 000 | 00579nam a2200205Ia 4500 | ||
|---|---|---|---|
| 008 | 220216s9999 xx 000 0 und d | ||
| 100 | _aSahachermayr G M | ||
| 245 | 0 | _aIdentification of molecular markers linked to the Agropyron elongatum-derived leaf rust resistance gene Lr24 in wheat | |
| 260 |
_bTheoretical and Applied Genetics _c1995 |
||
| 300 | _a982-990 | ||
| 650 | _aAgropyron elongatum | ||
| 650 | _aRAPD | ||
| 650 | _aRFLP | ||
| 650 | _aWheat | ||
| 700 | _aFeuilet C | ||
| 700 | _aKeller B | ||
| 700 | _aMessmer M M | ||
| 700 | _aWinzeler M | ||
| 942 | _cJS | ||
| 999 |
_c60633 _d60633 |
||